Building better green spaces (Record no. 75349)

MARC details
000 -LEADER
fixed length control field 01148cab a2200181 4500
001 - CONTROL NUMBER
control field L129923
008 - FIXED-LENGTH DATA ELEMENTS--GENERAL INFORMATION
fixed length control field 050606n2005 000 0 eng u
035 ## - SYSTEM CONTROL NUMBER
System control number (Sirsi) u129923
041 ## - LANGUAGE CODE
Language code of text/sound track or separate title eng
100 ## - MAIN ENTRY--PERSONAL NAME
Personal name Willis, Ben
245 ## - TITLE STATEMENT
Title Building better green spaces
260 ## - PUBLICATION, DISTRIBUTION, ETC.
Date of publication, distribution, etc. 2005
490 ## - SERIES STATEMENT
Series statement Regeneration and Renewal
Volume/sequential designation 27 May 2005, 20-22(3)
520 ## - SUMMARY, ETC.
Summary, etc. High-quality parkland brings with it a range of benefits to communities. Sets out five key facets of successful green space regeneration, the results of which more than repay the investment: long-term revenue funding for parks and the establishment of charitable trusts to generate a variety of income streams; active community involvement; management of parks moving from local authorities to alternative forms of governance such as the 'friends of' concept; design of parks to deter anti-social behaviour problems; and meeting the skills shortage in the green space regeneration sector. Notes that less than 50% of local authorities have a green space strategy despite potential benefits.
590 ## - LOCAL NOTE (RLIN)
Local note IKA070605
690 ## - LOCAL SUBJECT ADDED ENTRY--TOPICAL TERM (OCLC, RLIN)
Topical term or geographic name as entry element PROPERTY-PROPERTY MANAGEMENT-REGENERATION
942 ## - ADDED ENTRY ELEMENTS (KOHA)
Suppress in OPAC 0
Holdings
Withdrawn status Lost status Source of classification or shelving scheme Damaged status Not for loan Home library Current library Shelving location Date acquired Total Checkouts Full call number Barcode Date last seen Copy number Price effective from Koha item type
    Dewey Decimal Classification     London London Journal article 06/06/2005   L129923 129923-1001 06/08/2019 1 06/08/2019 Journal article